000 00943pam a2200301 a 4500
008
020 _a0721618502 (hbk.)
049 _aMAIN
090 _aRC46
_bTEX
245 0 0 _aTextbook of medicine /
_c[edited by] Cecil, Russel L., James B. Wyngaarden and Lloyd H. Smith.
246 _aCecil textbook of medicine.
250 _a18th ed.
260 _aPhiladelphia :
_bSaunders,
_c1988.
300 _axxxiv, 2404 p. :
_bill. (some col.) ;
_c29 cm.
500 _aIncludes index.
500 _aPublished simultaneously as 1 v. and as a 2 v. set.
504 _aIncludes bibliographical references.
650 0 _aInternal medicine.
650 2 _aMedicine.
700 1 _aCecil, Russell L.
700 1 _aWyngaarden, James B.
700 1 _aSmith, Lloyd H.
907 _a.b10393742
_b29-10-18
_c24-10-18
003
005 20230123141128.0
040 _cNUST
942 _cBOOKS
_kRC46
_mTEX
999 _c168185
_d168185